Statistiques concernant Mathématiques rapides – Tripler ce nombre !

Cliquez ici pour prendre le quiz!

Statistiques générales

  • Ce quiz a été pris 211 fois
  • Le résultat moyen est 11 sur 20

Statistiques - réponses

nombretripler% Correct
721
100%
927
95%
618
92%
2163
90%
3399
90%
515
86%
2575
86%
1339
83%
80240
81%
824
80%
60180
79%
70210
78%
1030
78%
1236
78%
2266
76%
35105
73%
90270
73%
40120
72%
100300
72%
1545
71%
3193
70%
50150
69%
94282
68%
3296
68%
99297
67%
41123
65%
51153
65%
75225
65%
1133
65%
3090
65%
53159
64%
2060
64%
52156
62%
55165
62%
63189
60%
72216
58%
1442
58%
43129
57%
45135
57%
46138
57%
66198
57%
73219
57%
1957
57%
64192
56%
81243
56%
1854
56%
95285
55%
1648
55%
65195
54%
2987
54%
44132
52%
47141
52%
83249
52%
2678
52%
62186
50%
2369
50%
59177
49%
2781
48%
96288
47%
2884
47%
42126
46%
49147
46%
89267
46%
2472
46%
1751
45%
39117
44%
74222
43%
92276
43%
34102
41%
61183
41%
71213
41%
78234
41%
82246
41%
97291
41%
36108
40%
54162
40%
91273
40%
69207
38%
77231
38%
56168
37%
58174
37%
84252
36%
57171
35%
48144
33%
67201
33%
88264
33%
68204
31%
79237
29%
76228
28%
38114
25%
98294
23%
87261
22%
85255
21%
37111
20%
86258
16%
93279
10%

Distribution des résultats

Percentile par nombre de réponses

% des personnes avec chaque résultat

Votre développement - résultats

Vous n’avez pas pris ce quiz